000 00916nam a2200277Ia 4500
005 20211111075755.0
008 130821s2008 xxu gr eng
020 _a1597180416
040 _aCo-BoUCM
_bspa
041 0 0 _aeng
245 0 3 _aAn introduction to survival analysis using stata
_cMario A. Claves...[et al.]
250 _a2nd ed.
260 _aWashington
_bStata Press Publication
_c2008
300 _a[1 volumen]
504 _aIncluye bibliografía
650 0 4 _aAnálisis de datos de tiempo de falla
_98953
650 0 4 _aAnálisis de supervivencia (Biometría)
_98973
650 0 4 _aBiometría
_910147
650 0 4 _aMedicina
_97820
700 1 _aCleves, Mario A.
_9164828
700 1 _aGould, William W.
_993706
700 1 _aGutiérrez, Roberto G.
_9164829
700 1 _aMarchenko, Yulia U.
_9164830
942 _a15
_e2
_kR
_mI619
_cLIBRO
_2DEWEY
_h610.72
999 _c59036
_d59036